[Event "Olympiad Women-45"]
[Site "Budapest"]
[Date "2024.09.21"]
[Round "10.3"]
[White "Demeter, Dorina"]
[Black "Perez Hernandez, Vicmary C"]
[Result "1-0"]
[WhiteElo "2199"]
[BlackElo "1960"]
[PlyCount "97"]
[EventDate "2024.09.11"]
[EventType "team-swiss"]
[EventRounds "11"]
[EventCountry "HUN"]
[SourceTitle "EXT 2025"]
[Source "ChessBase"]
[SourceDate "2024.10.14"]
[SourceVersion "1"]
[SourceVersionDate "2024.10.14"]
[SourceQuality "1"]
[WhiteTeam "Hungary (W) II"]
[BlackTeam "Venezuela (W)"]
[WhiteTeamCountry "HUN"]
[BlackTeamCountry "VEN"]

1. Nf3 Nf6 2. g3 g6 3. Bg2 Bg7 4. 0-0 0-0 5. d4 d6 6. Nc3 Nc6 7. Bf4 Nd7 8. Qd2 e5 9. Bg5 f6 10. Bh6 exd4 11. Nb5 Nde5 12. Nfxd4 Qe7 13. Bxg7 Kxg7 14. Nxc6 Nxc6 15. Qc3 a6 16. Nd4 Nxd4 17. Qxd4 Rb8 18. e4 Bd7 19. f4 Bc6 20. Rae1 Rbe8 21. Re3 Qf7 22. a4 Kg8 23. Rfe1 Re7 24. Bf1 Bd7 25. Qb4 Qe8 26. Qxb7 Bxa4 27. Qxa6 Bc6 28. Qa5 Qd7 29. Bc4+ Kg7 30. Qc3 Ba8 31. Bd5 Bxd5 32. exd5 Rfe8 33. Qc6 Qxc6 34. Rxe7+ Rxe7 35. Rxe7+ Kf8 36. dxc6 Kxe7 37. Kf2 d5 38. Ke3 Kd6 39. Kd4 Kxc6 40. g4 Kd6 41. b4 c6 42. f5 gxf5 43. gxf5 h6 44. h3 h5 45. h4 Kd7 46. Kc5 Kc7 47. c3 Kd7 48. b5 cxb5 49. Kxd5 1-0

[Event "Olympiad Women-45"]
[Site "Budapest"]
[Date "2024.09.15"]
[Round "5.40"]
[White "Perez Hernandez, Vicmary C"]
[Black "Takayasu, Melody"]
[Result "1-0"]
[WhiteElo "1960"]
[BlackElo "1768"]
[PlyCount "97"]
[EventDate "2024.09.11"]
[EventType "team-swiss"]
[EventRounds "11"]
[EventCountry "HUN"]
[SourceTitle "EXT 2025"]
[Source "ChessBase"]
[SourceDate "2024.10.14"]
[SourceVersion "1"]
[SourceVersionDate "2024.10.14"]
[SourceQuality "1"]
[WhiteTeam "Venezuela (W)"]
[BlackTeam "Japan (W)"]
[WhiteTeamCountry "VEN"]
[BlackTeamCountry "JPN"]

1. e4 c5 2. Nf3 d6 3. d4 cxd4 4. Qxd4 a6 5. Be3 Nc6 6. Qd2 Nf6 7. Nc3 e6 8. 0-0-0 Be7 9. Bf4 e5 10. Bg5 Be6 11. Bxf6 gxf6 12. Nd5 b5 13. Kb1 Bxd5 14. Qxd5 Rc8 15. a3 Qc7 16. Bd3 Rg8 17. g3 Na5 18. Nh4 Qc5 19. f3 Nc4 20. Bxc4 Qxc4 21. Qxc4 Rxc4 22. Nf5 Kd7 23. Rd5 Rgc8 24. c3 R4c5 25. Rhd1 Rxd5 26. Rxd5 Rc5 27. Ne3 Ke6 28. g4 Bf8 29. Kc2 Bh6 30. Rxc5 dxc5 31. Nd5 Bf4 32. h3 c4 33. Nc7+ Kd7 34. Nxa6 Be3 35. Nb4 Ke6 36. Nd5 Bc5 37. Nc7+ Ke7 38. Nxb5 f5 39. exf5 Kf6 40. h4 Bf2 41. h5 Kg5 42. Kd1 Be3 43. Ke2 Bc1 44. a4 e4 45. a5 Kf4 46. fxe4 Be3 47. Nd4 Kxe4 48. a6 Bxd4 49. cxd4 1-0

[Event "Titled Tuesday intern op 06th Feb Late"]
[Site "Chess.com INT"]
[Date "2024.02.06"]
[Round "6"]
[White "Sari, Yasin"]
[Black "Perez Hernandez, Vicmary C"]
[Result "1-0"]
[WhiteElo "2292"]
[BlackElo "1808"]
[PlyCount "95"]
[EventDate "2024.02.06"]
[EventType "swiss (blitz)"]
[EventRounds "11"]
[EventCountry "USA"]
[SourceTitle "CBM 218 Extra"]
[Source "ChessBase"]
[SourceDate "2024.03.31"]
[SourceVersion "1"]
[SourceVersionDate "2024.03.31"]
[SourceQuality "1"]

1. d4 Nf6 2. Nc3 d5 3. Bf4 g6 4. e3 Bg7 5. Be2 0-0 6. h4 h5 7. Nf3 c6 8. Ne5 Nbd7 9. f3 a6 10. g4 c5 11. g5 Ne8 12. Nxd7 Qxd7 13. dxc5 e6 14. Qd2 Qc6 15. b4 e5 16. Nxd5 Kh8 17. Bg3 Be6 18. e4 Rd8 19. c4 Nc7 20. 0-0 b6 21. cxb6 Qxb6+ 22. Bf2 Qc6 23. Qe3 Bh3 24. Rfd1 Ne6 25. Kh2 Nf4 26. Nxf4 exf4 27. Qxf4 Bxa1 28. Rxa1 Bc8 29. Be1 Qd6 30. Bc3+ Kg8 31. Qxd6 Rxd6 32. c5 Re6 33. a4 Rd8 34. b5 axb5 35. axb5 Bb7 36. Ra7 Bxe4 37. fxe4 Rxe4 38. Ra2 Rde8 39. c6 Rxh4+ 40. Kg3 Rhe4 41. c7 Re3+ 42. Kf2 Rxc3 43. b6 Rb3 44. Rc2 Rxb6 45. c8Q Rxc8 46. Rxc8+ Kg7 47. Rc5 Re6 48. Bc4 1-0

[Event "Titled Tuesday intern op 23rd Jan Late"]
[Site "Chess.com INT"]
[Date "2024.01.23"]
[Round "6"]
[White "Kostiukov, Alexandr"]
[Black "Perez Hernandez, Vicmary C"]
[Result "1-0"]
[WhiteElo "2271"]
[BlackElo "1808"]
[PlyCount "73"]
[EventDate "2024.01.23"]
[EventType "swiss (blitz)"]
[EventRounds "11"]
[EventCountry "USA"]
[SourceTitle "CBM 218 Extra"]
[Source "ChessBase"]
[SourceDate "2024.03.31"]
[SourceVersion "1"]
[SourceVersionDate "2024.03.31"]
[SourceQuality "1"]

1. g3 Nf6 2. Bg2 g6 3. c4 Bg7 4. Nf3 0-0 5. 0-0 d6 6. d4 Nc6 7. Nc3 a6 8. h3 Rb8 9. e4 e5 10. Be3 exd4 11. Nxd4 Re8 12. Rc1 Ne5 13. b3 c6 14. Nde2 Qc7 15. f4 Ned7 16. Qd2 b5 17. cxb5 axb5 18. Rfd1 Bf8 19. Nd4 b4 20. Nd5 Nxd5 21. exd5 c5 22. Nc6 Ra8 23. Rc2 Nf6 24. Bf2 Bf5 25. Rb2 Bg7 26. g4 Be4 27. g5 Bxg2 28. gxf6 Bxf6 29. Kxg2 Bxb2 30. Qxb2 Qd7 31. Rd2 Qf5 32. Bg3 Qe4+ 33. Kh2 Qe3 34. Rg2 Qe4 35. Qf6 Qxd5 36. Ne7+ Rxe7 37. Qxe7 1-0

[Event "Titled Tuesday intern op 23rd Jan Late"]
[Site "Chess.com INT"]
[Date "2024.01.23"]
[Round "4"]
[White "Toktomushev, Teimur"]
[Black "Perez Hernandez, Vicmary C"]
[Result "1-0"]
[WhiteElo "2249"]
[BlackElo "1808"]
[PlyCount "49"]
[EventDate "2024.01.23"]
[EventType "swiss (blitz)"]
[EventRounds "11"]
[EventCountry "USA"]
[SourceTitle "CBM 218 Extra"]
[Source "ChessBase"]
[SourceDate "2024.03.31"]
[SourceVersion "1"]
[SourceVersionDate "2024.03.31"]
[SourceQuality "1"]

1. d4 Nf6 2. c4 g6 3. Nc3 Bg7 4. e4 d6 5. f3 0-0 6. Be3 Nc6 7. Nge2 a6 8. Qd2 Rb8 9. Rc1 e5 10. d5 Ne7 11. g3 Nd7 12. b4 f5 13. Bg2 f4 14. gxf4 exf4 15. Nxf4 Ne5 16. Nce2 g5 17. Nh5 Rxf3 18. Nxg7 Kxg7 19. Bd4 Rf6 20. Qxg5+ Rg6 21. Bxe5+ Kg8 22. Qh4 dxe5 23. 0-0 Rg4 24. Qf6 Ng6 25. Qxd8+ 1-0

[Event "Caribbean-chT Blitz 24th"]
[Site "San Salvador"]
[Date "2023.07.06"]
[Round "9.1"]
[White "Brown, Raehanna"]
[Black "Perez Hernandez, Vicmary C"]
[Result "1-0"]
[WhiteElo "1655"]
[BlackElo "1693"]
[PlyCount "59"]
[EventDate "2023.07.06"]
[EventType "tourn (blitz)"]
[EventRounds "15"]
[EventCountry "ESA"]
[SourceTitle "CBM 215 Extra"]
[Source "ChessBase"]
[SourceDate "2023.09.30"]
[SourceVersion "1"]
[SourceVersionDate "2023.09.30"]
[SourceQuality "1"]
[WhiteTeam "Jamaica"]
[BlackTeam "Venezuela"]
[WhiteTeamCountry "JAM"]
[BlackTeamCountry "VEN"]

1. c4 Nf6 2. Nc3 g6 3. d4 Bg7 4. e4 d6 5. Be2 0-0 6. Nf3 e5 7. 0-0 Nc6 8. d5 Ne7 9. Ne1 Ne8 10. Be3 f5 11. f3 f4 12. Bf2 g5 13. c5 h5 14. b4 Ng6 15. a4 Nf6 16. a5 a6 17. cxd6 cxd6 18. b5 g4 19. bxa6 bxa6 20. Na4 g3 21. Bb6 Qe7 22. Rc1 Ne8 23. Rxc8 Rxc8 24. Bxa6 Nc7 25. Bxc8 Rxc8 26. Qc2 Qd7 27. Nd3 Nxd5 28. Qb3 Kh7 29. exd5 Qe7 30. Re1 1-0

[Event "Caribbean-chT Blitz 24th"]
[Site "San Salvador"]
[Date "2023.07.06"]
[Round "8.1"]
[White "Perez Hernandez, Vicmary C"]
[Black "Johnson, Gabriella"]
[Result "1-0"]
[WhiteElo "1693"]
[BlackElo "1724"]
[PlyCount "55"]
[EventDate "2023.07.06"]
[EventType "tourn (blitz)"]
[EventRounds "15"]
[EventCountry "ESA"]
[SourceTitle "CBM 215 Extra"]
[Source "ChessBase"]
[SourceDate "2023.09.30"]
[SourceVersion "1"]
[SourceVersionDate "2023.09.30"]
[SourceQuality "1"]
[WhiteTeam "Venezuela"]
[BlackTeam "Trinidad and Tobago"]
[WhiteTeamCountry "VEN"]
[BlackTeamCountry "TRI"]

1. e4 e5 2. d4 exd4 3. Nf3 Nc6 4. Bc4 Nf6 5. e5 Ne4 6. 0-0 Be7 7. Re1 d5 8. Bb5 0-0 9. Bxc6 bxc6 10. Nxd4 Bd7 11. f3 Nc5 12. Be3 Ne6 13. Bf2 c5 14. Nf5 d4 15. c3 dxc3 16. Nxc3 g6 17. Nxe7+ Qxe7 18. Nd5 Qd8 19. Nf6+ Kg7 20. Qxd7 Qxd7 21. Nxd7 Rfd8 22. Nxc5 Rab8 23. Nxe6+ fxe6 24. b3 Rd2 25. Red1 Rbd8 26. Rxd2 Rxd2 27. Bxa7 Kh6 28. Be3+ 1-0

[Event "Central America-ch (Women) 24th"]
[Site "San Salvador"]
[Date "2023.01.21"]
[Round "7"]
[White "Alvarez Gutierrez, Patricia"]
[Black "Perez Hernandez, Vicmary C"]
[Result "1/2-1/2"]
[WhiteElo "1623"]
[BlackElo "1664"]
[PlyCount "145"]
[EventDate "2023.01.21"]
[EventType "swiss"]
[EventRounds "11"]
[EventCountry "ESA"]
[SourceTitle "CBM 212 Extra"]
[Source "ChessBase"]
[SourceDate "2023.03.31"]
[SourceVersion "1"]
[SourceVersionDate "2023.03.31"]
[SourceQuality "1"]

1. d4 Nf6 2. c4 g6 3. Nc3 Bg7 4. Nf3 0-0 5. e4 d6 6. Be2 Bg4 7. h3 Bxf3 8. Bxf3 Nfd7 9. 0-0 e5 10. d5 a5 11. g4 Na6 12. Ne2 Qh4 13. Bg2 f5 14. gxf5 gxf5 15. exf5 Rxf5 16. Ng3 Rf6 17. Qg4 Qxg4 18. hxg4 Nac5 19. g5 Rff8 20. Rb1 Nd3 21. Be3 Nf4 22. Be4 Nc5 23. Bc2 Rf7 24. Ne4 Nxe4 25. Bxe4 Raf8 26. b4 axb4 27. Rxb4 b6 28. Rb2 h6 29. Kh1 hxg5 30. Rg1 Bf6 31. Bxf4 exf4 32. Re2 Kg7 33. f3 Rh8+ 34. Kg2 Bd4 35. Rh1 Rff8 36. Rxh8 Rxh8 37. Bf5 Be3 38. Be6 Ra8 39. Kf1 Ra3 40. Rc2 Bd4 41. Kg2 Re3 42. Bf5 Re1 43. Kh2 Kf6 44. Bg4 Be3 45. Kg2 Rg1+ 46. Kh2 Re1 47. Kg2 Ke5 48. Kh2 Kd4 49. Bf5 Rc1 50. Rxc1 Bxc1 51. Bc2 Kxc4 52. Bb3+ Kc5 53. Kh3 Bb2 54. Kg4 Bf6 55. Kf5 Bd8 56. Ke4 c6 57. dxc6 Kxc6 58. Bg8 Kc5 59. Bb3 b5 60. Bg8 b4 61. Bb3 Kc6 62. Bd5+ Kd7 63. Bb3 Bf6 64. Kf5 Ke7 65. Bd5 Bd4 66. Kxg5 Be5 67. Kf5 Kf8 68. Be6 Kg7 69. Bd5 Kh6 70. Bf7 Kg7 71. Bd5 Kh7 72. Be6 Kh6 73. Bf7 1/2-1/2

[Event "Central America-ch (Women) 24th"]
[Site "San Salvador"]
[Date "2023.01.21"]
[Round "11"]
[White "Brown, Raehanna"]
[Black "Perez Hernandez, Vicmary C"]
[Result "1-0"]
[WhiteElo "1590"]
[BlackElo "1664"]
[PlyCount "53"]
[EventDate "2023.01.21"]
[EventType "swiss"]
[EventRounds "11"]
[EventCountry "ESA"]
[SourceTitle "CBM 212 Extra"]
[Source "ChessBase"]
[SourceDate "2023.03.31"]
[SourceVersion "1"]
[SourceVersionDate "2023.03.31"]
[SourceQuality "1"]

1. c4 Nf6 2. Nc3 g6 3. e4 d6 4. d4 Bg7 5. Nf3 0-0 6. Be2 Bg4 7. 0-0 Nfd7 8. Be3 e5 9. d5 a5 10. Ne1 Bxe2 11. Nxe2 f5 12. f3 f4 13. Bf2 g5 14. Nd3 h5 15. Nc3 Nf6 16. a4 Na6 17. c5 Rf7 18. Qb3 Qc8 19. Nb5 Bf8 20. Rac1 Qd8 21. Qc3 g4 22. cxd6 cxd6 23. Kh1 Rg7 24. Bh4 g3 25. Nxf4 Nxe4 26. Bxd8 Nxc3 27. Ne6 1-0

[Event "Central America-ch (Women) 24th"]
[Site "San Salvador"]
[Date "2023.01.21"]
[Round "2"]
[White "Perez Hernandez, Vicmary C"]
[Black "Otazo Sanchez, Annyd Gabriela"]
[Result "1/2-1/2"]
[WhiteElo "1664"]
[BlackElo "1919"]
[PlyCount "119"]
[EventDate "2023.01.21"]
[EventType "swiss"]
[EventRounds "11"]
[EventCountry "ESA"]
[SourceTitle "CBM 212 Extra"]
[Source "ChessBase"]
[SourceDate "2023.03.31"]
[SourceVersion "1"]
[SourceVersionDate "2023.03.31"]
[SourceQuality "1"]

1. e4 e5 2. Nf3 Nc6 3. Bb5 Nf6 4. Bxc6 dxc6 5. Nc3 Bg4 6. 0-0 Bc5 7. h3 Bh5 8. d3 h6 9. Qe2 0-0 10. Be3 Bd4 11. Nd1 Qe7 12. c3 Bxe3 13. Nxe3 Rad8 14. Rad1 Bxf3 15. Qxf3 g6 16. Ng4 Kg7 17. Nxf6 Qxf6 18. Qxf6+ Kxf6 19. Rd2 Ke6 20. Rfd1 f5 21. exf5+ gxf5 22. d4 e4 23. Re2 Kd5 24. Rde1 Rde8 25. f3 b5 26. g4 Re7 27. gxf5 Rg7+ 28. Kf2 exf3 29. Re5+ Kd6 30. Kxf3 Rg5 31. h4 Rgxf5+ 32. Rxf5 Rxf5+ 33. Kg3 h5 34. Re3 c5 35. dxc5+ Kxc5 36. Re7 Kb6 37. Re6+ c6 38. Rh6 a5 39. Rg6 Rd5 40. Rf6 Rd2 41. Rf2 Rd5 42. Rf6 b4 43. cxb4 axb4 44. b3 Rd2 45. Rf2 Rxf2 46. Kxf2 Kc5 47. Ke3 Kd5 48. Kd3 c5 49. Ke3 Ke5 50. Kf3 Kd5 51. Ke3 c4 52. bxc4+ Kxc4 53. Kf4 Kd4 54. Kg5 Kc3 55. Kxh5 Kb2 56. Kg5 Kxa2 57. h5 b3 58. h6 b2 59. h7 b1Q 60. h8Q 1/2-1/2

[Event "Pan American-ch U20 Girls"]
[Site "Pereira"]
[Date "2022.08.28"]
[Round "9"]
[White "Montano Vicente, Guadalupe"]
[Black "Perez Hernandez, Vicmary C"]
[Result "1-0"]
[WhiteElo "1644"]
[BlackElo "1764"]
[PlyCount "70"]
[EventDate "2022.08.23"]
[EventType "swiss"]
[EventRounds "9"]
[EventCountry "COL"]
[SourceTitle "CBM 210 Extra"]
[Source "ChessBase"]
[SourceDate "2022.11.30"]
[SourceVersion "1"]
[SourceVersionDate "2022.11.30"]
[SourceQuality "1"]

1. d4 Nf6 2. c4 g6 3. Nc3 Bg7 4. e4 d6 5. h3 0-0 6. Bg5 c5 7. d5 e6 8. Bd3 a6 9. a4 Qa5 10. Bd2 Qc7 11. Nge2 exd5 12. cxd5 Nbd7 13. Bc2 Re8 14. 0-0 c4 15. Be3 Nc5 16. Ng3 Bd7 17. a5 Rac8 18. Bd4 Bb5 19. Re1 h5 20. Nf1 h4 21. Nh2 Nh5 22. Ng4 Nd7 23. Bxg7 Kxg7 24. Qd2 Rh8 25. Re2 Qc5 26. Rd1 Rce8 27. Na4 c3 28. Qe3 Qb4 29. bxc3 Qc4 30. Red2 Qa2 31. Qd4+ Ndf6 32. Nxf6 Nxf6 33. f3 Rc8 34. Nb6 Rc5 35. e5 Nxd5 1-0

[Event "Pan American-ch U20 Girls"]
[Site "Pereira"]
[Date "2022.08.27"]
[Round "8"]
[White "Perez Hernandez, Vicmary C"]
[Black "Pena Gonzalez, Clara Isabel"]
[Result "1/2-1/2"]
[WhiteElo "1764"]
[BlackElo "1833"]
[PlyCount "67"]
[EventDate "2022.08.23"]
[EventType "swiss"]
[EventRounds "9"]
[EventCountry "COL"]
[SourceTitle "CBM 210 Extra"]
[Source "ChessBase"]
[SourceDate "2022.11.30"]
[SourceVersion "1"]
[SourceVersionDate "2022.11.30"]
[SourceQuality "1"]

1. e4 c5 2. Nf3 Nc6 3. c3 Nf6 4. e5 Nd5 5. d4 cxd4 6. cxd4 e6 7. Bc4 Bb4+ 8. Bd2 Qa5 9. 0-0 Bxd2 10. Qxd2 Nb6 11. Bb3 Qxd2 12. Nbxd2 0-0 13. Ne4 Na5 14. Nd6 Nxb3 15. axb3 Nd5 16. Rfc1 b6 17. Rc4 a5 18. b4 Rb8 19. b5 Bb7 20. Nd2 Ba8 21. N2e4 f6 22. g3 fxe5 23. dxe5 h6 24. Nc3 Rf3 25. Rc1 Rbf8 26. Nce4 Nb4 27. Rc8 Nd3 28. Rxf8+ Rxf8 29. Rc7 Nxe5 30. f4 Nf3+ 31. Kf2 Nd4 32. Ke3 Nf5+ 33. Nxf5 exf5 34. Nd6 1/2-1/2

[Event "Olympiad Women-44"]
[Site "Chennai"]
[Date "2022.07.31"]
[Round "3.3"]
[White "Perez Hernandez, Vicmary C"]
[Black "Madelta, Glenda"]
[Result "1-0"]
[WhiteElo "1862"]
[BlackElo "1516"]
[PlyCount "49"]
[EventDate "2022.07.29"]
[EventType "team-swiss"]
[EventRounds "11"]
[EventCountry "IND"]
[SourceTitle "CBM 210"]
[Source "ChessBase"]
[SourceDate "2022.10.31"]
[SourceVersion "1"]
[SourceVersionDate "2022.10.31"]
[SourceQuality "1"]
[WhiteTeam "Venezuela (W)"]
[BlackTeam "Kenya (W)"]
[WhiteTeamCountry "VEN"]
[BlackTeamCountry "KEN"]

1. e4 e6 2. d4 d5 3. e5 c5 4. c3 Bd7 5. Nf3 Nc6 6. a3 a5 7. Bd3 Qb6 8. 0-0 cxd4 9. cxd4 Nxd4 10. Nxd4 Qxd4 11. Qe2 Qb6 12. Nc3 Ne7 13. Qg4 Ng6 14. Qg3 Be7 15. Re1 Bc6 16. Rb1 Bh4 17. Qf3 d4 18. Ne4 Nxe5 19. Nd6+ Kd7 20. Qf4 Bxf2+ 21. Qxf2 Kxd6 22. Rxe5 Kxe5 23. Bf4+ Kd5 24. Qf3+ Kc5 25. Rc1# 1-0

[Event "VEN-ch Expertos"]
[Site "Caracas"]
[Date "2022.04.13"]
[Round "2"]
[White "Perez Hernandez, Vicmary C"]
[Black "Guerrero Vargas, Juan Alfonso"]
[Result "0-1"]
[WhiteElo "1909"]
[BlackElo "2034"]
[PlyCount "83"]
[EventDate "2022.04.13"]
[EventType "swiss"]
[EventRounds "7"]
[EventCountry "VEN"]
[SourceTitle "CBM 207 Extra"]
[Source "ChessBase"]
[SourceDate "2022.05.31"]
[SourceVersion "1"]
[SourceVersionDate "2022.05.31"]
[SourceQuality "1"]

1. e4 e5 2. Nf3 d6 3. d4 Nf6 4. Nc3 Nbd7 5. Bc4 Be7 6. 0-0 0-0 7. h3 c6 8. a4 b6 9. d5 Bb7 10. Qe2 Qc7 11. dxc6 Bxc6 12. Bg5 h6 13. Bxf6 Nxf6 14. Rfd1 Rac8 15. Bb3 Qb7 16. Re1 Nh5 17. g3 g6 18. Rad1 Kg7 19. Bd5 Rfe8 20. Qd3 Qd7 21. Bxc6 Qxc6 22. Rd2 Nf6 23. Kh2 Qc4 24. Qe3 a6 25. Rd3 b5 26. axb5 axb5 27. Rd2 Qb4 28. Qd3 Rc4 29. Nd1 Rxe4 30. Rxe4 Qxe4 31. Qb3 Qc4 32. Qe3 Ra8 33. Kg2 Qc6 34. Kh2 Ra1 35. b3 Ne4 36. Rd3 Qxc2 37. Ne1 Qc6 38. f4 Ra2+ 39. Kg1 Bd8 40. Kf1 Bb6 41. Qf3 Qc5 42. Ne3 0-1